El oficial de notaría (Record no. 141466)

MARC details
000 -LEADER
campo de control de longitud fija 00647nam a2200181 i 4500
001 - NÚMERO DE CONTROL
campo de control 141466
003 - IDENTIFICADOR DE NÚMERO DE CONTROL
campo de control ES-MaACL
007 - CAMPO FIJO DE DESCRIPCIÓN FÍSICA--INFORMACIÓN GENERAL
campo de control de longitud fija t|
008 - DATOS DE LONGITUD FIJA--INFORMACIÓN GENERAL
campo de control de longitud fija 070924s1953 sp ||||1| spa d
100 1# - ENTRADA PRINCIPAL--NOMBRE DE PERSONA
Nombre de persona Villaverde Parrondo, Manuel.
9 (RLIN) 115188
245 13 - MENCIÓN DEL TÍTULO
Título El oficial de notaría
Resto del título : (doctrina y formularios para redactar documentos) /
Mención de responsabilidad, etc. Manuel Villaverde Parrondo, Pedro Antonio López Cruz.
260 ## - PUBLICACIÓN, DISTRIBUCIÓN, ETC.
Lugar de publicación, distribución, etc. Madrid :
Nombre del editor, distribuidor, etc. [s.n.],
Fecha de publicación, distribución, etc. 1953 (
Fabricante Artes Gráfs. Julio San Martín)
300 ## - DESCRIPCIÓN FÍSICA
Extensión 403 p. ;
Dimensiones 22 cm.
650 17 - PUNTO DE ACCESO ADICIONAL DE MATERIA--TÉRMINO DE MATERIA
Término de materia o nombre geográfico como elemento de entrada Notariado
Fuente del encabezamiento o término embne
9 (RLIN) 15597
700 1# - ENTRADA AGREGADA--NOMBRE PERSONAL
Nombre de persona López Cruz, Pedro Antonio.
9 (RLIN) 73518
852 ## - LOCALIZACIÓN
Ubicación ES-MaACL
Número de control de estantería C-5856
Sublocalización o colección R.35396
Holdings
Estatus retirado Estado de pérdida Estado de daño No para préstamo Biblioteca de origen Biblioteca actual Ubicación en estantería Fecha de adquisición Fuente de adquisición Total de préstamos Signatura topográfica completa Código de barras Visto por última vez Precio de reemplazo Tipo de ítem Koha
        Biblioteca del Ateneo de Madrid Biblioteca del Ateneo de Madrid Sala Palomar 17/01/2008     C-5856 1147199 23/02/2023 23/02/2023 Libro impreso